000 00600ntaaa2200181 4500
003 01
005 20251027203028.0
008 0714s1973 ag 01
040 _aAR-BaBN
_bspa
_cAR-BaBN
_eaacr
_dRIC
082 _a982.0000 Si1h
100 _aSierra, Vicente D
_930650
245 _aHistoria de la Argentina
250 _a4 ed.
260 _aBuenos Aires :
_bCientífica Argentina,
_c1960
300 _a10 tomos
500 _aT.I 1492-1600: T.II 1600-1700: T.III 1700-1800: T.IV 1800-1810: T.V 1810-1813: T.VI 1813-1819: T.VII 1819-1829: T.VIII 1829-1840: T.IX 1840-1852: T.X 1852-1862
942 _cBK
999 _c25668
_d25668